00455nam a2200157Ia 4500008004100000020001700041082001400058100002500072245002200097250000800119260004200127300003200169500001900201600002700220650005000247240925s9999 xx 000 0 und d a978932518742 a004.6 TAN aTanenbaum, Andrew S. 0aComputer Networks a5th aNew Delhi:bPearson Educationc,2014. aVarious pagesbNAfOriginal aIncludes Index aEngineering Technology aComputer science, information & general works